[Event "Kuprejanov mem"]
[Site "Toronto CAN"]
[Date "2003.??.??"]
[Round "7"]
[White "Srinivasan, Gajana"]
[Black "Laughlin, Steve"]
[Result "0-1"]
[WhiteElo "1972"]
[BlackElo "1961"]
[PlyCount "36"]
[EventDate "2003.04.02"]
[EventType "tourn"]
[EventRounds "9"]
[EventCountry "CAN"]

1. e4 c5 2. d4 cxd4 3. c3 dxc3 4. Nxc3 Nc6 5. Bc4 d6 6. Nf3 a6 7. O-O Nf6 8. e5
dxe5 9. Qxd8+ Nxd8 10. Nxe5 e6 11. Rd1 Be7 12. Bg5 h6 13. Bh4 g5 14. Bg3 b5 15.
Bb3 Bb7 16. f4 Nh5 17. f5 Nxg3 18. fxe6 Bc5+ 0-1

[Event "Kuprejanov mem"]
[Site "Toronto CAN"]
[Date "2003.??.??"]
[Round "8"]
[White "Barron, Michael"]
[Black "Henry, Liam"]
[Result "1/2-1/2"]
[WhiteElo "2243"]
[BlackElo "1945"]
[PlyCount "108"]
[EventDate "2003.04.02"]
[EventType "tourn"]
[EventRounds "9"]
[EventCountry "CAN"]

1. e4 c5 2. Nf3 d6 3. d4 cxd4 4. Nxd4 Nf6 5. Nc3 a6 6. Be2 e5 7. Nb3 Be7 8. O-O
Be6 9. f4 Qc7 10. a4 Nbd7 11. f5 Bc4 12. a5 b5 13. axb6 Nxb6 14. Nd2 Bxe2 15.
Qxe2 O-O 16. Rxa6 Rxa6 17. Qxa6 d5 18. exd5 Nbxd5 19. Nxd5 Nxd5 20. c3 Ne3 21.
Rf3 Ng4 22. Ne4 Bc5+ 23. Kh1 Rd8 24. h3 Rd1+ 25. Rf1 Qc6 26. Nxc5 Qxa6 27. Rxd1
Nf2+ 28. Kg1 Qb6 29. Na4 Nxh3+ 30. Kh2 Qb8 31. Kxh3 h6 32. Nc5 Qb5 33. b4 Qe2
34. Rd3 Qh5+ 35. Kg3 Qxf5 36. Be3 Qg6+ 37. Kf2 f5 38. Rd8+ Kf7 39. Nd3 Qf6 40.
Rd5 e4 41. Nf4 Qh4+ 42. Kf1 Qg4 43. Rd7+ Ke8 44. Rd6 g5 45. Ng6 f4 46. Bb6 Qg3
47. Rd8+ Kf7 48. Ne5+ Ke6 49. Re8+ Kf5 50. Bd4 e3 51. Nd3 Qh2 52. Re5+ Kg4 53.
Ne1 Qg3 54. Nd3 Qh2 1/2-1/2

[Event "Kuprejanov mem"]
[Site "Toronto CAN"]
[Date "2003.??.??"]
[Round "8"]
[White "Laughlin, Steve"]
[Black "Veltmann, Martin"]
[Result "1/2-1/2"]
[WhiteElo "1961"]
[BlackElo "2075"]
[PlyCount "63"]
[EventDate "2003.04.02"]
[EventType "tourn"]
[EventRounds "9"]
[EventCountry "CAN"]

1. e4 c5 2. Nf3 d6 3. d4 cxd4 4. Nxd4 Nf6 5. Nc3 a6 6. Bg5 e6 7. f4 Be7 8. Qf3
Qc7 9. O-O-O Nbd7 10. g4 b5 11. Bxf6 Nxf6 12. g5 Nd7 13. Bd3 b4 14. Nce2 Bb7
15. Kb1 Nc5 16. f5 Bxg5 17. fxe6 O-O 18. Qg4 Bf6 19. exf7+ Kh8 20. Nf5 Na4 21.
Nf4 Rxf7 22. Nxd6 Qxd6 23. Bc4 Qe5 24. Nd3 Qxe4 25. Qxe4 Bxe4 26. Bxf7 Bxh1 27.
Rxh1 g6 28. Bb3 Nb6 29. Nxb4 a5 30. Nd5 Nxd5 31. Bxd5 Re8 32. a4 1/2-1/2

[Event "Kuprejanov mem"]
[Site "Toronto CAN"]
[Date "2003.??.??"]
[Round "8"]
[White "Lucki, Arnie"]
[Black "Bergeron, Florian"]
[Result "1-0"]
[WhiteElo "2003"]
[BlackElo "1843"]
[PlyCount "87"]
[EventDate "2003.04.02"]
[EventType "tourn"]
[EventRounds "9"]
[EventCountry "CAN"]

1. e4 e6 2. d4 d5 3. Nc3 Nf6 4. e5 Nfd7 5. f4 c5 6. Nf3 Nc6 7. Be3 cxd4 8. Nxd4
Bc5 9. Qd2 a6 10. O-O-O Nxd4 11. Bxd4 Qc7 12. g4 Bxd4 13. Qxd4 Qc5 14. Qd2 b5
15. Bg2 Ra7 16. Rhe1 O-O 17. f5 Kh8 18. Qg5 Rc7 19. Rd2 Bb7 20. Qf4 Nb6 21. Bf1
b4 22. Nb1 Rfc8 23. f6 g6 24. Qh6 Qf8 25. Qe3 Nc4 26. Bxc4 Rxc4 27. g5 Qc5 28.
Qd3 a5 29. b3 Rc3 30. Nxc3 bxc3 31. Rg2 a4 32. Rg4 axb3 33. axb3 Qa3+ 34. Kd1
Ba6 35. Ra4 Qxa4 36. bxa4 Bxd3 37. cxd3 Ra8 38. Kc2 d4 39. Rb1 h5 40. Rb4 Ra5
41. Rxd4 Rxe5 42. h4 Rc5 43. Rc4 Ra5 44. Kxc3 1-0

[Event "Kuprejanov mem"]
[Site "Toronto CAN"]
[Date "2003.??.??"]
[Round "8"]
[White "Richardson, Ross"]
[Black "Roller, Robert"]
[Result "0-1"]
[WhiteElo "1843"]
[BlackElo "1843"]
[PlyCount "112"]
[EventDate "2003.04.02"]
[EventType "tourn"]
[EventRounds "9"]
[EventCountry "CAN"]

1. Nf3 Nf6 2. d4 e6 3. g3 c5 4. Bg2 Nc6 5. O-O cxd4 6. Nxd4 d5 7. c4 e5 8. Nxc6
bxc6 9. Nc3 Bb7 10. cxd5 cxd5 11. Bg5 e4 12. Bxf6 gxf6 13. Qa4+ Qd7 14. Qxd7+
Kxd7 15. Rad1 Ke6 16. Nb5 Rc8 17. Bh3+ f5 18. Nd4+ Ke5 19. f4+ Kf6 20. e3 Bc5
21. Nxf5 Bb6 22. Rf2 Rc7 23. a3 Rd8 24. Nd4 Ba6 25. Bf1 Bxf1 26. Kxf1 Rdc8 27.
g4 Rc1 28. g5+ Ke7 29. Ke1 Kf8 30. Re2 R8c4 31. Rxc1 Rxc1+ 32. Kd2 Rc4 33. Nf5
Rc6 34. Re1 f6 35. h4 Kf7 36. Nh6+ Kg7 37. Nf5+ Kf7 38. Nh6+ Kg7 39. Ng4 f5 40.
Ne5 Rc7 41. h5 d4 42. h6+ Kg8 43. exd4 Bxd4 44. Rb1 Rc5 45. Nd7 Rd5 46. Ke2
Rxd7 47. b4 Rc7 48. Rd1 Rc2+ 49. Rd2 Rxd2+ 50. Kxd2 Kf7 51. a4 Ke6 52. Ke2 Kd5
53. b5 Kc4 54. Kd2 Kb4 55. Ke2 Kxa4 56. Kd2 Kxb5 0-1

[Event "Kuprejanov mem"]
[Site "Toronto CAN"]
[Date "2003.??.??"]
[Round "9"]
[White "Bergeron, Florian"]
[Black "Srinivasan, Gajana"]
[Result "1-0"]
[WhiteElo "1843"]
[BlackElo "1972"]
[PlyCount "63"]
[EventDate "2003.04.02"]
[EventType "tourn"]
[EventRounds "9"]
[EventCountry "CAN"]

1. d4 g5 2. e4 e5 3. Nf3 g4 4. Nxe5 h5 5. Bc4 Rh7 6. Nc3 c5 7. Be3 cxd4 8. Bxd4
Nc6 9. Nxc6 dxc6 10. Qd2 Bh6 11. Be3 Qxd2+ 12. Bxd2 Bxd2+ 13. Kxd2 Be6 14. Bxe6
fxe6 15. Ke3 O-O-O 16. Rad1 Rf8 17. Rd6 Rhf7 18. Rf1 Rf6 19. f4 Nh6 20. g3 Re8
21. Rfd1 Re7 22. Rd8+ Kc7 23. Ra8 a6 24. Rdd8 e5 25. f5 Nf7 26. Re8 Rxe8 27.
Rxe8 Kd7 28. Ra8 Rh6 29. Na4 Rh7 30. Nc5+ Kc7 31. Ne6+ Kb6 32. Rg8 1-0

[Event "Kuprejanov mem"]
[Site "Toronto CAN"]
[Date "2003.??.??"]
[Round "9"]
[White "Haziprodromu, Sam"]
[Black "Laughlin, Steve"]
[Result "0-1"]
[WhiteElo "1947"]
[BlackElo "1961"]
[PlyCount "60"]
[EventDate "2003.04.02"]
[EventType "tourn"]
[EventRounds "9"]
[EventCountry "CAN"]

1. e4 c5 2. Nc3 Nc6 3. g3 d6 4. Bg2 g6 5. d3 Bg7 6. Be3 Nf6 7. h3 Bd7 8. Qd2
Nd4 9. Nd1 e5 10. c3 Ne6 11. Ne2 Bc6 12. c4 b5 13. b3 b4 14. O-O a5 15. Bh6
Bxh6 16. Qxh6 a4 17. Ne3 Ng8 18. Qh4 Qxh4 19. gxh4 Nf6 20. Bf3 O-O 21. Rab1
axb3 22. axb3 Ra2 23. Rfd1 Rfa8 24. Kf1 h5 25. Ke1 Nd7 26. Bh1 Nd4 27. Nxd4
cxd4 28. Nf1 Nc5 29. f4 R8a3 30. Rd2 Rxd2 0-1

[Event "Kuprejanov mem"]
[Site "Toronto CAN"]
[Date "2003.??.??"]
[Round "9"]
[White "Henry, Liam"]
[Black "Richardson, Ross"]
[Result "1-0"]
[WhiteElo "1945"]
[BlackElo "1847"]
[PlyCount "67"]
[EventDate "2003.04.02"]
[EventType "tourn"]
[EventRounds "9"]
[EventCountry "CAN"]

1. e4 c5 2. Nf3 Nc6 3. d4 cxd4 4. Nxd4 Nf6 5. Nc3 d6 6. Bc4 e6 7. Bb3 Be7 8.
O-O O-O 9. Be3 Na5 10. f4 Nxb3 11. axb3 b6 12. Nc6 Qc7 13. Nxe7+ Qxe7 14. e5
dxe5 15. fxe5 Nd7 16. Qd6 Qxd6 17. exd6 a6 18. Nb5 Bb7 19. Nc7 Rac8 20. c4 a5
21. b4 axb4 22. Ra4 Rfd8 23. Rxb4 Be4 24. Bxb6 Nxb6 25. Rxb6 Rb8 26. Rxb8 Rxb8
27. Rd1 Kf8 28. b4 g5 29. b5 h5 30. c5 g4 31. c6 e5 32. Na6 Ra8 33. d7 Ke7 34.
c7 1-0

[Event "Kuprejanov mem"]
[Site "Toronto CAN"]
[Date "2003.??.??"]
[Round "9"]
[White "Veltmann, Martin"]
[Black "Barron, Michael"]
[Result "0-1"]
[WhiteElo "2075"]
[BlackElo "2243"]
[PlyCount "80"]
[EventDate "2003.04.02"]
[EventType "tourn"]
[EventRounds "9"]
[EventCountry "CAN"]

1. c4 f5 2. g3 Nf6 3. Bg2 e5 4. Nf3 Nc6 5. d3 g6 6. O-O Bg7 7. Nc3 O-O 8. Rb1
a5 9. a3 h6 10. b4 axb4 11. axb4 d6 12. b5 Ne7 13. Bb2 g5 14. Ra1 Be6 15. Rxa8
Qxa8 16. Qa1 c6 17. Nd2 d5 18. cxd5 cxd5 19. Ba3 Kf7 20. e3 Rc8 21. Qb2 e4 22.
d4 f4 23. Ra1 Qb8 24. Na4 b6 25. Rc1 Nf5 26. Rxc8 Bxc8 27. Qb3 Be6 28. exf4
gxf4 29. Bb2 Qd6 30. Bh3 h5 31. Bxf5 Bxf5 32. Ba3 Qc7 33. Qc3 Qxc3 34. Nxc3 e3
35. fxe3 fxe3 36. Nf3 Ne4 37. Nxd5 Nd2 38. Ne1 Bxd4 39. Nf4 e2+ 40. Kg2 Be4+
0-1

[Event "Labour Day op"]
[Site "Victoria CAN"]
[Date "2003.08.30"]
[Round "1"]
[White "Aquino, Manfrei"]
[Black "Churchill, Sam"]
[Result "1-0"]
[WhiteElo "1981"]
[BlackElo "1406"]
[PlyCount "43"]
[EventDate "2003.08.30"]
[EventType "swiss"]
[EventRounds "6"]
[EventCountry "CAN"]

1. c4 Nf6 2. Nc3 c5 3. e4 Nc6 4. Nf3 d6 5. d4 Bg4 6. d5 Nd4 7. Be3 Nxf3+ 8.
gxf3 Bd7 9. Qd2 a6 10. h4 Qc7 11. Be2 h5 12. Bf4 e5 13. dxe6 fxe6 14. O-O-O e5
15. Bg5 Ng8 16. f4 g6 17. fxe5 dxe5 18. Nd5 Qc6 19. Nb6 Bc8 20. Qd8+ Kf7 21.
Nxa8 Nh6 22. Qc7+ 1-0

[Event "Labour Day op"]
[Site "Victoria CAN"]
[Date "2003.08.30"]
[Round "1"]
[White "Campbell, Jamie"]
[Black "Wu, Howard"]
[Result "0-1"]
[WhiteElo "1577"]
[BlackElo "2209"]
[PlyCount "64"]
[EventDate "2003.08.30"]
[EventType "swiss"]
[EventRounds "6"]
[EventCountry "CAN"]

1. b4 c6 2. c4 Nf6 3. Nf3 e6 4. a3 a5 5. bxa5 d5 6. e3 Qxa5 7. Bb2 Nbd7 8. Be2
dxc4 9. Bxc4 Nb6 10. Qb3 Na4 11. O-O b5 12. Bd3 Ba6 13. Rc1 c5 14. Qa2 Bb7 15.
Bxf6 gxf6 16. Be2 Bd5 17. Qc2 f5 18. d4 c4 19. Nfd2 Bg7 20. Bf3 Bxf3 21. Nxf3
Nc5 22. Nfd2 O-O 23. Nc3 Nd3 24. Rcb1 Rab8 25. Nxb5 Rxb5 26. Rxb5 Qxb5 27. Qxc4
Qxc4 28. Nxc4 Rc8 29. Nd6 Rc6 30. Nb5 Bf8 31. a4 Bb4 32. g3 Ba5 0-1

[Event "Labour Day op"]
[Site "Victoria CAN"]
[Date "2003.08.30"]
[Round "1"]
[White "Goutor, Valentina"]
[Black "Raymer, Elliot"]
[Result "1-0"]
[WhiteElo "1966"]
[BlackElo "1308"]
[PlyCount "113"]
[EventDate "2003.08.30"]
[EventType "swiss"]
[EventRounds "6"]
[EventCountry "CAN"]

1. e4 e5 2. Nf3 Nc6 3. Bb5 Bc5 4. O-O d6 5. c3 a6 6. Ba4 b5 7. Bb3 Bb6 8. d3
Bb7 9. Ng5 Nh6 10. Qh5 Qf6 11. Be3 O-O 12. Nd2 Ne7 13. Nh3 Bc8 14. Qg5 Qxg5 15.
Nxg5 Bxe3 16. fxe3 a5 17. a3 c6 18. d4 exd4 19. exd4 d5 20. e5 Nhf5 21. h3 h6
22. Ngf3 a4 23. Ba2 Ne3 24. Rf2 Bf5 25. Bb1 Nd1 26. Re2 Nxb2 27. Bxf5 Nxf5 28.
g4 Ne7 29. Nb3 Nc4 30. Nc5 Ng6 31. Nd3 Rfe8 32. Nd2 f6 33. Nxc4 dxc4 34. Nb4
fxe5 35. Rae1 Rac8 36. dxe5 c5 37. Nc2 Nf4 38. Re3 Nd5 39. Rg3 Rc6 40. Ne3 Nxe3
41. Rgxe3 Rce6 42. Kf2 g6 43. Kg3 R8e7 44. Kf3 Kf8 45. h4 Ke8 46. Kf4 Kf7 47.
Rb1 Rb7 48. Ke4 Rc6 49. Kd5 Rcc7 50. Rf3+ Kg7 51. e6 Rb6 52. Rbf1 b4 53. cxb4
cxb4 54. axb4 c3 55. Rf7+ Rxf7 56. Rxf7+ Kg8 57. Kc4 1-0

[Event "Labour Day op"]
[Site "Victoria CAN"]
[Date "2003.08.30"]
[Round "1"]
[White "Jeffery, Jack"]
[Black "Scoones, Dan"]
[Result "0-1"]
[WhiteElo "1733"]
[BlackElo "2308"]
[PlyCount "76"]
[EventDate "2003.08.30"]
[EventType "swiss"]
[EventRounds "6"]
[EventCountry "CAN"]

1. e4 c5 2. Nf3 e6 3. Bd3 d5 4. exd5 exd5 5. c3 Bd6 6. O-O Ne7 7. Bc2 Nbc6 8.
d3 h6 9. Nbd2 O-O 10. Re1 Bg4 11. h3 Bh5 12. Nf1 Qc7 13. d4 cxd4 14. g4 Bg6 15.
Bxg6 fxg6 16. Nxd4 Nxd4 17. cxd4 Nc6 18. a3 Qb6 19. Be3 Qxb2 20. Re2 Qb6 21.
Rb1 Qa6 22. Reb2 b6 23. a4 Rad8 24. Qc2 Ne7 25. Rb5 Qc8 26. Qxc8 Rxc8 27. a5
Bc7 28. a6 Bd6 29. Nd2 Rc2 30. Nb3 g5 31. Na5 bxa5 32. Rb7 Nc6 33. Rd7 Rd8 34.
Rbb7 Rxd7 35. Rxd7 Bb4 36. Rxd5 a4 37. Rd7 a3 38. d5 a2 0-1

[Event "Labour Day op"]
[Site "Victoria CAN"]
[Date "2003.08.30"]
[Round "1"]
[White "Radic, Dejan"]
[Black "Breel, Kevin"]
[Result "1-0"]
[WhiteElo "1232"]
[BlackElo "424"]
[PlyCount "29"]
[EventDate "2003.08.30"]
[EventType "swiss"]
[EventRounds "6"]
[EventCountry "CAN"]

1. e4 d6 2. Nf3 Nf6 3. Nc3 g6 4. d4 Bg4 5. Bc4 Bg7 6. Nd5 Nxd5 7. Bxd5 c6 8.
Bxf7+ Kxf7 9. Ng5+ Kg8 10. Qxg4 Bxd4 11. Qe6+ Kg7 12. Qf7+ Kh6 13. Ne6+ Kh5 14.
Qf3+ Kh4 15. Bg5# 1-0

[Event "Labour Day op"]
[Site "Victoria CAN"]
[Date "2003.08.30"]
[Round "1"]
[White "Raymer, Evan"]
[Black "Yip, Michael"]
[Result "0-1"]
[WhiteElo "1469"]
[BlackElo "2127"]
[PlyCount "71"]
[EventDate "2003.08.30"]
[EventType "swiss"]
[EventRounds "6"]
[EventCountry "CAN"]

1. e4 c5 2. Nc3 Nc6 3. g3 g6 4. d3 Bg7 5. f4 d6 6. Bg2 e6 7. Nge2 Nge7 8. O-O
O-O 9. Be3 b6 10. g4 f5 11. exf5 gxf5 12. Ng3 d5 13. Bd2 Bb7 14. g5 Qd7 15. Nh5
Bh8 16. Rf3 Rae8 17. Rg3 Ng6 18. Qe2 Nd4 19. Qd1 e5 20. Rc1 Ne6 21. Nf6+ Bxf6
22. gxf6 exf4 23. Rh3 d4 24. Bxb7 dxc3 25. Bxc3 Qxb7 26. Qh5 Nd4 27. Bxd4 cxd4
28. Qxf5 Re5 29. Qg4 Rxf6 30. Rf1 Qd5 31. Qc8+ Kg7 32. Qc7+ Rf7 33. Qb8 Rg5+
34. Kf2 Qg2+ 35. Ke1 Re7+ 36. Kd1 0-1

[Event "Labour Day op"]
[Site "Victoria CAN"]
[Date "2003.08.30"]
[Round "1"]
[White "Stanford, Mike"]
[Black "Sexsmith, Kyle"]
[Result "1-0"]
[WhiteElo "2182"]
[BlackElo "1566"]
[PlyCount "53"]
[EventDate "2003.08.30"]
[EventType "swiss"]
[EventRounds "6"]
[EventCountry "CAN"]

1. e4 c5 2. Nf3 Nc6 3. d4 e6 4. d5 exd5 5. exd5 Nce7 6. c4 Nf5 7. Nc3 Nf6 8.
Bd3 Nd6 9. O-O Be7 10. Ne5 b6 11. f4 Bb7 12. a4 g6 13. Qc2 Qc7 14. Bd2 a6 15.
Rae1 Rg8 16. Re2 Nh5 17. f5 O-O-O 18. Nxf7 Nxf7 19. Rxe7 Ne5 20. Ne4 Ng4 21. g3
Rdf8 22. fxg6 Rxf1+ 23. Bxf1 hxg6 24. Bg5 Rf8 25. Be2 Nxh2 26. Kxh2 Rf2+ 27.
Kg1 1-0

[Event "Labour Day op"]
[Site "Victoria CAN"]
[Date "2003.08.30"]
[Round "2"]
[White "Chan, James"]
[Black "Moore, Harry"]
[Result "0-1"]
[WhiteElo "1963"]
[BlackElo "2268"]
[PlyCount "29"]
[EventDate "2003.08.30"]
[EventType "swiss"]
[EventRounds "6"]
[EventCountry "CAN"]

1. d4 Nf6 2. c4 c5 3. Nf3 cxd4 4. Nxd4 Nc6 5. Nc3 g6 6. e4 Nxd4 7. Qxd4 d6 8.
Be2 Bg7 9. Bg5 O-O 10. Qd2 Be6 11. Rc1 Rc8 12. b3 a6 13. f3 Qa5 14. Nd5 Qxd2+
15. Bxd2 0-1

[Event "Labour Day op"]
[Site "Victoria CAN"]
[Date "2003.08.30"]
[Round "2"]
[White "Goutor, Evgeni"]
[Black "Aquino, Manfrei"]
[Result "1-0"]
[WhiteElo "1827"]
[BlackElo "1981"]
[PlyCount "59"]
[EventDate "2003.08.30"]
[EventType "swiss"]
[EventRounds "6"]
[EventCountry "CAN"]

1. e4 e5 2. Nf3 Nc6 3. Bb5 a6 4. Ba4 Nf6 5. O-O Be7 6. Re1 b5 7. Bb3 d6 8. c3
O-O 9. h3 Na5 10. Bc2 c5 11. d4 cxd4 12. cxd4 Qc7 13. Nbd2 Bd7 14. d5 Rac8 15.
Bd3 Nb7 16. Nb3 a5 17. Bd2 a4 18. Rc1 Qb8 19. Na5 Rxc1 20. Qxc1 Nxa5 21. Bxa5
Rc8 22. Qd2 Nh5 23. Bb4 Nf4 24. Nxe5 Bg5 25. Nxd7 Nxh3+ 26. gxh3 Bxd2 27. Nxb8
Bxe1 28. Bxe1 Rxb8 29. Bb4 Rb6 30. e5 1-0

[Event "Labour Day op"]
[Site "Victoria CAN"]
[Date "2003.08.30"]
[Round "2"]
[White "Sauve, Ron"]
[Black "Stanford, Mike"]
[Result "1/2-1/2"]
[WhiteElo "1797"]
[BlackElo "2182"]
[PlyCount "81"]
[EventDate "2003.08.30"]
[EventType "swiss"]
[EventRounds "6"]
[EventCountry "CAN"]

1. d4 Nf6 2. c4 e6 3. Nc3 Bb4 4. e3 b6 5. Bd3 Bb7 6. Nf3 Ne4 7. Bd2 Nxd2 8.
Qxd2 f5 9. a3 Be7 10. Qe2 O-O 11. e4 fxe4 12. Bxe4 Bxe4 13. Qxe4 Nc6 14. d5
exd5 15. Qxd5+ Kh8 16. O-O-O Bd6 17. Rhe1 Ne7 18. Qd3 Ng6 19. Ne4 Bf4+ 20. Kb1
d6 21. g3 Ne5 22. Nxe5 Bxe5 23. f4 Bf6 24. Nxf6 Qxf6 25. Re2 Rae8 26. Rde1 Qf7
27. Rxe8 Rxe8 28. Rxe8+ Qxe8 29. Kc2 Qh5 30. Qd2 h6 31. Qg2 Qf5+ 32. Kc3 a5 33.
Qa8+ Kh7 34. Qf3 Qf6+ 35. Kc2 g6 36. Qe4 Qf7 37. Kd3 Qd7 38. Qb7 h5 39. Qd5 Kg7
40. Qd4+ Kh7 41. Qe4 1/2-1/2

[Event "Labour Day op"]
[Site "Victoria CAN"]
[Date "2003.08.30"]
[Round "2"]
[White "Scoones, Dan"]
[Black "Goutor, Valentina"]
[Result "1-0"]
[WhiteElo "2308"]
[BlackElo "1966"]
[PlyCount "77"]
[EventDate "2003.08.30"]
[EventType "swiss"]
[EventRounds "6"]
[EventCountry "CAN"]

1. Nf3 g6 2. c4 Bg7 3. d4 d6 4. e4 Nf6 5. Nc3 O-O 6. Be2 e5 7. d5 a5 8. Bg5 h6
9. Bh4 Na6 10. Nd2 Nc5 11. O-O Bd7 12. b3 Qe8 13. a3 b6 14. b4 Nb7 15. Nb3 Nh7
16. f3 f5 17. Bf2 Qe7 18. c5 axb4 19. axb4 bxc5 20. bxc5 Nxc5 21. Nxc5 dxc5 22.
Na4 Ra5 23. Qb3 Kh8 24. Nxc5 Rxa1 25. Rxa1 Nf6 26. Qb7 Bc8 27. Qc6 fxe4 28.
fxe4 Bg4 29. Bf1 Qd6 30. h3 Bd7 31. Nxd7 Nxd7 32. Ra7 Nf6 33. Bc5 Qxc6 34. dxc6
Rd8 35. Rxc7 Nxe4 36. Bb6 Rd1 37. Rd7 Rb1 38. c7 Bf6 39. Rd8+ 1-0

[Event "Labour Day op"]
[Site "Victoria CAN"]
[Date "2003.08.30"]
[Round "2"]
[White "Wu, Howard"]
[Black "Leblanc, Paul"]
[Result "1-0"]
[WhiteElo "2209"]
[BlackElo "1906"]
[PlyCount "81"]
[EventDate "2003.08.30"]
[EventType "swiss"]
[EventRounds "6"]
[EventCountry "CAN"]

1. e4 c6 2. d4 d5 3. exd5 cxd5 4. c4 e6 5. Nc3 Nf6 6. Nf3 Be7 7. Bg5 O-O 8. Bd3
a6 9. O-O dxc4 10. Bxc4 b5 11. Bb3 Bb7 12. Ne5 b4 13. Na4 Nd5 14. Bxe7 Qxe7 15.
Nc5 Nc6 16. Bxd5 exd5 17. Re1 Qc7 18. Rc1 Nxe5 19. Rxe5 Rac8 20. Qe1 Ba8 21.
Qxb4 Rfe8 22. Rxe8+ Rxe8 23. Re1 Rxe1+ 24. Qxe1 Kf8 25. Nxa6 Qc2 26. Qb4+ Ke8
27. Qb8+ Ke7 28. Qc7+ Qxc7 29. Nxc7 Bc6 30. f3 Kd7 31. Na6 Bb5 32. Nc5+ Kc6 33.
a4 Be2 34. Kf2 Bd1 35. Ke1 Bc2 36. Kd2 Bb1 37. b4 Ba2 38. Kc3 Bc4 39. b5+ Kb6
40. Kb4 g5 41. a5+ 1-0

[Event "Labour Day op"]
[Site "Victoria CAN"]
[Date "2003.08.30"]
[Round "2"]
[White "Yip, Michael"]
[Black "Caluza, Juni"]
[Result "1-0"]
[WhiteElo "2127"]
[BlackElo "1792"]
[PlyCount "59"]
[EventDate "2003.08.30"]
[EventType "swiss"]
[EventRounds "6"]
[EventCountry "CAN"]

1. d4 d5 2. c4 c6 3. Nf3 Nf6 4. Nc3 dxc4 5. a4 Bf5 6. e3 e6 7. Bxc4 Bb4 8. O-O
O-O 9. Qe2 Nbd7 10. e4 Bxc3 11. exf5 Bb4 12. fxe6 Nb6 13. exf7+ Kh8 14. Bb3
Nbd5 15. Ne5 Bd6 16. Bg5 Qb6 17. Qd3 Qc7 18. Rfe1 Bxe5 19. dxe5 Ng4 20. Bc2 g6
21. Qd4 Qxf7 22. e6+ Qg7 23. Qxg4 Qxb2 24. e7 Rfe8 25. Bd3 Nxe7 26. Rab1 Qc3
27. Bxe7 Rad8 28. Bxd8 Rxe1+ 29. Rxe1 Qxe1+ 30. Bf1 1-0

[Event "Labour Day op"]
[Site "Victoria CAN"]
[Date "2003.08.31"]
[Round "3"]
[White "Aquino, Manfrei"]
[Black "Caluza, Juni"]
[Result "1-0"]
[WhiteElo "1981"]
[BlackElo "1792"]
[PlyCount "37"]
[EventDate "2003.08.30"]
[EventType "swiss"]
[EventRounds "6"]
[EventCountry "CAN"]

1. d4 d5 2. c4 c6 3. Nc3 Nf6 4. Nf3 dxc4 5. a4 Nd5 6. e3 Nxc3 7. bxc3 b5 8. Ne5
Qd5 9. Be2 Bf5 10. f3 Qd8 11. e4 Bd7 12. Ba3 f6 13. Nxd7 Nxd7 14. f4 Nb6 15.
axb5 cxb5 16. O-O Na4 17. Bxc4 a6 18. Qb3 Qb6 19. Bf7+ 1-0

[Event "Labour Day op"]
[Site "Victoria CAN"]
[Date "2003.08.31"]
[Round "3"]
[White "Englemann, Eric"]
[Black "Markowki, Gavin"]
[Result "1-0"]
[WhiteElo "1368"]
[BlackElo "939"]
[PlyCount "79"]
[EventDate "2003.08.30"]
[EventType "swiss"]
[EventRounds "6"]
[EventCountry "CAN"]

1. d4 d5 2. e3 e5 3. c4 Be6 4. b3 Bb4+ 5. Bd2 Bxd2+ 6. Nxd2 exd4 7. exd4 Qh4 8.
Ngf3 Bg4 9. cxd5 Qh5 10. Bc4 Ne7 11. Qe2 c6 12. O-O cxd5 13. Rfe1 Nbc6 14. Bb5
O-O 15. Qxe7 Nxe7 16. Rxe7 f6 17. Rxb7 Rfb8 18. Bc6 Bc8 19. Rc7 Bb7 20. Bxb7
Rxb7 21. Rxb7 Re8 22. Rc1 h6 23. Rxa7 f5 24. Rcc7 Re6 25. Rxg7+ Kh8 26. Rgb7
Rg6 27. Rb5 Qg4 28. Kf1 Qxg2+ 29. Ke2 Re6+ 30. Kd1 Qh1+ 31. Kc2 Rc6+ 32. Kd3
Qg1 33. Rb8+ Qg8 34. Rab7 Rc8 35. Rxc8 Qxc8 36. Rf7 Qe6 37. Ne5 Qa6+ 38. Ke3
Qe6 39. Ndf3 Qc6 40. Nxc6 1-0

[Event "Labour Day op"]
[Site "Victoria CAN"]
[Date "2003.08.31"]
[Round "3"]
[White "Goutor, Valentina"]
[Black "Jose, Marionito"]
[Result "1-0"]
[WhiteElo "1966"]
[BlackElo "1676"]
[PlyCount "83"]
[EventDate "2003.08.30"]
[EventType "swiss"]
[EventRounds "6"]
[EventCountry "CAN"]

1. e4 c6 2. Nc3 d5 3. Nf3 dxe4 4. Nxe4 Bf5 5. Ng3 Bg6 6. h4 h6 7. Ne5 Bh7 8.
Qh5 g6 9. Qf3 Nf6 10. Qb3 Qd5 11. Qxb7 Qxe5+ 12. Be2 Qe6 13. Qxa8 Qc8 14. Qxa7
Bg7 15. d3 Nfd7 16. Rb1 O-O 17. Be3 f5 18. Bd4 e5 19. Bc5 Re8 20. Bd6 Kh8 21.
Bf3 Re6 22. Qc7 Qe8 23. Ba3 Bf6 24. Qa5 Bd8 25. Qd2 g5 26. hxg5 Bxg5 27. Qe2 e4
28. dxe4 fxe4 29. Bh5 Bg6 30. Bxg6 Qxg6 31. Qh5 Qf6 32. O-O Qf4 33. Ne2 Qd2 34.
Rbd1 Qxc2 35. Nd4 Qc4 36. Nxe6 Qxe6 37. Qh3 Qf7 38. b3 Kh7 39. Bc1 Bxc1 40.
Rxc1 Ne5 41. Qh4 Qg6 42. Qe7+ 1-0

[Event "Labour Day op"]
[Site "Victoria CAN"]
[Date "2003.08.31"]
[Round "3"]
[White "Leblanc, Paul"]
[Black "Sexsmith, Kyle"]
[Result "1-0"]
[WhiteElo "1906"]
[BlackElo "1566"]
[PlyCount "55"]
[EventDate "2003.08.30"]
[EventType "swiss"]
[EventRounds "6"]
[EventCountry "CAN"]

1. d4 Nf6 2. Nf3 e6 3. g3 c5 4. c3 b5 5. Bg2 Bb7 6. O-O Bxf3 7. Bxf3 d5 8. a4
Qa5 9. Bd2 c4 10. b4 Qb6 11. axb5 Qxb5 12. Na3 Qb6 13. Nxc4 Qc7 14. Qa4+ Nbd7
15. Ne5 Bd6 16. Nxd7 Nxd7 17. e4 O-O 18. exd5 Nb6 19. Qa2 Nxd5 20. Bxd5 exd5
21. Qxd5 Rfd8 22. Qf5 Re8 23. Rfe1 Rxe1+ 24. Rxe1 a5 25. Qd5 Qd8 26. Bg5 Qb8
27. Be7 Ra6 28. Bxd6 1-0

[Event "Labour Day op"]
[Site "Victoria CAN"]
[Date "2003.08.31"]
[Round "3"]
[White "Stanford, Mike"]
[Black "Goutor, Evgeni"]
[Result "1-0"]
[WhiteElo "2182"]
[BlackElo "1827"]
[PlyCount "39"]
[EventDate "2003.08.30"]
[EventType "swiss"]
[EventRounds "6"]
[EventCountry "CAN"]

1. e4 c5 2. Nf3 d6 3. d4 cxd4 4. Nxd4 Nf6 5. Nc3 g6 6. Be3 Bg7 7. f3 O-O 8. Qd2
Nc6 9. Bc4 Bd7 10. O-O-O Ne5 11. Bb3 Qa5 12. Kb1 Rfc8 13. Bg5 Nc4 14. Bxc4 Rxc4
15. Bxf6 exf6 16. Nb3 Qa6 17. Qxd6 Qxd6 18. Rxd6 Be6 19. Rhd1 Rcc8 20. Nd5 1-0

[Event "Labour Day op"]
[Site "Victoria CAN"]
[Date "2003.08.31"]
[Round "3"]
[White "Wu, Howard"]
[Black "Scoones, Dan"]
[Result "1-0"]
[WhiteElo "2209"]
[BlackElo "2308"]
[PlyCount "101"]
[EventDate "2003.08.30"]
[EventType "swiss"]
[EventRounds "6"]
[EventCountry "CAN"]

1. e4 d5 2. exd5 Qxd5 3. Nc3 Qa5 4. d4 c6 5. Nf3 Nf6 6. Ne5 Be6 7. Bf4 Nbd7 8.
Nxd7 Nxd7 9. a3 Nf6 10. Bd3 g6 11. O-O Bg7 12. Be5 O-O 13. b4 Qd8 14. h3 Nd5
15. Nxd5 Qxd5 16. Qe2 b5 17. Rfe1 Rfe8 18. Bxg7 Kxg7 19. Qe5+ Qxe5 20. Rxe5 Bd5
21. Bxb5 f6 22. Rxd5 cxd5 23. Bxe8 Rxe8 24. Re1 Kf7 25. Re3 Rc8 26. c3 e6 27.
Kf1 Ke7 28. Ke1 Kd6 29. Kd2 Rc7 30. Re1 Rc4 31. Rb1 e5 32. Kd3 e4+ 33. Kd2 Kc6
34. f3 f5 35. fxe4 dxe4 36. Rf1 Kd5 37. g4 Ke6 38. Kc2 Rc7 39. a4 Rf7 40. gxf5+
gxf5 41. c4 f4 42. b5 Kf5 43. a5 Rb7 44. a6 Rb8 45. Kd2 Rg8 46. c5 Rg2+ 47. Kc3
e3 48. b6 Ke4 49. b7 Rg8 50. c6 e2 51. Rb1 1-0